| 000 | 01880nam a2200181 a 4500 | ||
|---|---|---|---|
| 001 | 000044904 | ||
| 005 | 20201002045723.0 | ||
| 008 | 150119s1997 dr ab 000 0 spa d | ||
| 020 | _a8482610074 | ||
| 040 |
_aDO-SdBNP _bspa _cBNPHU |
||
| 082 |
_axxxxxx _bxxxxxx |
||
| 245 | 0 | 0 |
_aHistoria y geografía de América Latina y del Caribe : _bcurso 2do primer ciclo. / _cRoberto Cassá...[et al.] ; dirección editorial Obdulia García de Escobar. |
| 260 |
_aSanto Domingo : _bSantillana, _c1997. |
||
| 300 |
_a223 p. : _bil., map. ; _c27 cm. |
||
| 500 | _aLibro de texto de educación media | ||
| 500 | _aEste libro ha sido realizado de conformidad con el currículum vigente y ha sido sometido a la aprobación de la SEEBAC (Secretaría de Estado de Educación Bellas Artes y Cultos). | ||
| 505 | 0 |
_gunidad 1 -- _tLos rasgos generales del medio físico y natural -- _gunidad 2 -- _tLas planicies centrales -- _gunidad 3 -- _tGeografía del Caribe insular y continental -- _gunidad 4 -- _tPoblamiento aborigen y civilizaciones de América -- _gunidad 5 -- _tLa formación de las sociedades del Caribe -- _gunidad 6 -- _tLa sociedad colonial latinoamericana -- _gunidad 7 -- _tLa decadencia del colonialismo en el Caribe -- _gunidad 8 -- _tLa lucha por la independencia -- _gunidad 9 -- _tInicios de la vida independiente -- _gunidad 10 -- _tAmérica Latina en el siglo XX -- _gunidad 11 -- _tAmérica Latina a principios del S. XX -- _gunidad 12 -- _tLas Antillas durante el siglo XX -- _gunidad 13 -- _tLa nueva sociedad latinoamericana -- _gunidad 14 -- _tLa integración de América Latina -- _gunidad 15 -- _tEl umbral del siglo XXI -- _gunidad 16 -- _tEl transporte, la comunicación y el comercio -- _gunidad 17 -- _tEl sector primario en América Latina -- _gunidad 18 -- _tIndustria y energía en América Latina -- _gunidad 19 -- _tAmérica Latina: población y ciudades -- _gunidad 20 -- _tLa América anglosajona -- |
|
| 999 |
_c44393 _d44393 |
||